| Tag |
First Indicator |
Second Indicator |
Subfields |
| LEADER |
00000nam a2200000Ia 4500 |
| 001 |
in00004185421 |
| 005 |
20200807085547.0 |
| 006 |
m g d |
| 007 |
cr bn |||a|bb| |
| 008 |
810916s1642 enk o 00| | eng d |
| 035 |
|
|
|a (OCoLC)7764423
|
| 040 |
|
|
|a UMI
|c UMI
|d EAA
|d m/c
|d UMI
|d WaOLN
|
| 035 |
|
|
|a XBG 02786834
|
| 037 |
|
|
|a CL0037000005
|b ProQuest Information and Learning. 300 N. Zeeb Rd., Ann Arbor, MI 48106
|
| 037 |
|
|
|a CL0037000007
|b ProQuest Information and Learning. 300 N. Zeeb Rd., Ann Arbor, MI 48106
|
| 043 |
|
|
|a e-uk---
|
| 045 |
|
|
|a u2u4
|
| 090 |
|
|
|a DA395
|b .A53
|
| 049 |
|
|
|a UMIA
|
| 100 |
1 |
|
|a Andrewes, R.,
|d 17th cent.
|
| 245 |
1 |
2 |
|a A perfect declaration of the barbarous and cruell practises committed by Prince Robert, the Cavalliers, and others in His Majesties army, from the time of the Kings going from his Parliament untill this present day ... :
|b together with the new oaths and blasphemous speeches they doe daily invent ... : also, a justification of Prince Robert his cruelties ... /
|c collected by R. Andrewes ...
|
| 260 |
|
|
|a Printed at London :
|b For Fr. Coule,
|c 1642.
|
| 300 |
|
|
|a 1 online resource ([8] pages)
|
| 336 |
|
|
|a text
|b txt
|2 rdacontent
|
| 337 |
|
|
|a computer
|b c
|2 rdamedia
|
| 338 |
|
|
|a online resource
|b cr
|2 rdacarrier
|
| 500 |
|
|
|a Reproduction of originals in the University of Michigan Libraries and the Thomason Collection, British Library.
|
| 510 |
4 |
|
|a Wing
|c A3154
|
| 533 |
|
|
|a Electronic reproduction.
|b Ann Arbor, Mich. :
|c UMI,
|d 1999-
|f (Early English books online)
|n Digital version of: (Early English books, 1641-1700 ; 162:14 and 266:E242, no 33)
|7 s1999 miun s
|
| 651 |
|
0 |
|a Great Britain
|x History
|y Charles I, 1625-1649.
|
| 600 |
0 |
0 |
|a Rupert,
|c Prince, Count Palatine,
|d 1619-1682.
|
| 600 |
0 |
0 |
|a Charles
|b I,
|c King of England,
|d 1600-1649.
|
| 830 |
|
0 |
|a Early English books online.
|
| 856 |
4 |
0 |
|u http://proxy.library.tamu.edu/login?url=https://search.proquest.com/docview/2248534652
|z Connect to the full text of this electronic book
|t 0
|
| 856 |
4 |
0 |
|u http://proxy.library.tamu.edu/login?url=https://search.proquest.com/docview/2264208279
|z Connect to the full text of this electronic book
|t 0
|
| 999 |
f |
f |
|s 218e17de-4b4d-3c08-9413-5aac09810312
|i d4a8cb2a-93bb-3b09-9955-3c38aa0b9cbd
|t 0
|
| 952 |
f |
f |
|a Texas A&M University
|b College Station
|c Electronic Resources
|d Available Online
|t 0
|e DA395 .A53
|h Library of Congress classification
|
| 998 |
f |
f |
|a DA395 .A53
|t 0
|l Available Online
|